Informatizácia spoločnosti a nutnosť zvyšovania právneho povedomia používateľov infokomunikačných technológií

Guardado en:
Detalles Bibliográficos
Autor principal: Ondrejková, Anna
Formato: Capítulo de libro
Lenguaje:eslovaco
Etiquetas: Agregar Etiqueta
Sin Etiquetas, Sea el primero en etiquetar este registro!

MARC

LEADER 00000nla$a2200000$$$4500
001 0063641
005 20240502071733.4
041 0 |a slo 
044 |a SK 
245 1 0 |a Informatizácia spoločnosti a nutnosť zvyšovania právneho povedomia používateľov infokomunikačných technológií  |c Anna Ondrejková 
100 1 |a Ondrejková, Anna